Conditional heteroskedasticity in nonlinear simultaneous equations

Gespeichert in:
Bibliographische Detailangaben
1. Verfasser: Calzolari, Giorgio
Weitere Verfasser: Fiorentini, Gabriele
Format: Buch
Sprache:Englisch
Veröffentlicht: San Domenico (FI) European University Institute 1994
Schriftenreihe:EUI Working paper ECO No. 94/44
Schlagworte:
Tags: Tag hinzufügen
Keine Tags, Fügen Sie das erste Tag hinzu!

MARC

LEADER 00000nam a2200000 4500
001 c143144
005 20221123112222.1
041 0 |a eng 
044 |a IT 
245 1 0 |a Conditional heteroskedasticity in nonlinear simultaneous equations  |c Giorgio Calzolari and Gabriele Fiorentini 
264 1 |a San Domenico (FI)  |b European University Institute  |c 1994 
300 |a 19 s. 
490 1 |a EUI Working paper ECO  |v No. 94/44 
830 0 |a EUI Working paper ECO  |v No. 94/44 
610 2 0 |a dopyt 
610 2 0 |a modely 
610 2 0 |a korelácia 
610 2 0 |a modely ekonomicko-matematické 
100 1 |a Calzolari, Giorgio 
700 1 |a Fiorentini, Gabriele